| 000 | 00600nam a2200253Ia 4500 | ||
|---|---|---|---|
| 008 | 171025s9999 xx 000 0 und d | ||
| 020 | _a399152571 | ||
| 050 | _a782.42 | ||
| 050 | _bK22 2004 | ||
| 100 | _aKeys, Alicia | ||
| 245 | _aTears for water songbook of poems and lyrics / | ||
| 245 | _cby Alicia Keys. | ||
| 260 | _aNew York : | ||
| 260 | _bG. P. Putnam's Sons, | ||
| 260 | _c2004 | ||
| 300 | _a178 pages : | ||
| 300 | _billustrations ; | ||
| 300 | _c21cm. | ||
| 650 | _aPopular music. | ||
| 650 | _aSongs -- | ||
| 650 | _aSongs. | ||
| 650 | _xTexts. | ||
| 700 | _aTitle. | ||
| 999 |
_c344850 _d344850 |
||